LIBRARY & INFORMATION CENTRE, KCAET, TAVANUR

ONLINE PUBLIC ACCESS CATALOGUE (OPAC)

Jan pal Aa bantha hein / (Record no. 11937)

MARC details
000 -LEADER
fixed length control field 00420cam a2200157ua 4500
041 ## - LANGUAGE CODE
Language code of text/sound track or separate title hin
082 ## - DEWEY DECIMAL CLASSIFICATION NUMBER
Classification number 891.54
Item number DAR/JA
100 ## - MAIN ENTRY--AUTHOR NAME
Personal name Darmadev , Chakravarthy .
245 ## - TITLE STATEMENT
Title Jan pal Aa bantha hein /
260 ## - PUBLICATION, DISTRIBUTION, ETC. (IMPRINT)
Place of publication Newdelhi :
Name of publisher Charkaravarthy prakashan ,
Year of publication 1960.
300 ## - PHYSICAL DESCRIPTION
Number of Pages 159 ; .

No items available.

free website counter